ARRUPE JESUIT UNIVERSITY

CORONAVIRUS -STOP THE SPREAD - CLEAN,DISINFECT,COVER

The scorpion god: (Record no. 119483)

MARC details
000 -LEADER
fixed length control field 00774cam a2200253 4500
001 - CONTROL NUMBER
control field 3149363
003 - CONTROL NUMBER IDENTIFIER
control field ARRUPE
005 - DATE AND TIME OF LATEST TRANSACTION
control field 20131220171802.0
008 - FIXED-LENGTH DATA ELEMENTS--GENERAL INFORMATION
fixed length control field 711230s1971 enk 000 1 eng
010 ## - LIBRARY OF CONGRESS CONTROL NUMBER
LC control number 73875586
015 ## - NATIONAL BIBLIOGRAPHY NUMBER
National bibliography number B71-23577
020 ## - INTERNATIONAL STANDARD BOOK NUMBER
International Standard Book Number 0571098665
040 ## - CATALOGING SOURCE
Original cataloging agency DLC
Transcribing agency DLC
Modifying agency DLC
050 00 - LIBRARY OF CONGRESS CALL NUMBER
Classification number PZ4.G63
Item number Sc
Classification number PR6013.O35
082 00 - DEWEY DECIMAL CLASSIFICATION NUMBER
Classification number 823/.9/14
300 ## - PHYSICAL DESCRIPTION
Dimensions 21 cm.
100 1# - MAIN ENTRY--PERSONAL NAME
Personal name Golding, William,
Dates associated with a name 1911-1993.
9 (RLIN) 6461
245 14 - TITLE STATEMENT
Title The scorpion god:
Remainder of title three short novels
Statement of responsibility, etc [by] William Golding.
260 ## - PUBLICATION, DISTRIBUTION, ETC. (IMPRINT)
Place of publication, distribution, etc London (3 Queen Sq., WC1N 3AU),
Name of publisher, distributor, etc Faber and Faber Ltd,
Date of publication, distribution, etc 1971.
300 ## - PHYSICAL DESCRIPTION
Extent 178 p.
350 ## - PRICE (NR) (BK AM CF MU VM SE) [OBSOLETE]
Price £1.75
505 0# - FORMATTED CONTENTS NOTE
Formatted contents note The scorpion god.--Clonk clonk.--Envoy extraordinary.
906 ## - LOCAL DATA ELEMENT F, LDF (RLIN)
a 7
b cbc
c orignew
d 3
e ncip
f 19
g y-gencatlg
942 ## - ADDED ENTRY ELEMENTS (KOHA)
Source of classification or shelving scheme Library of Congress Classification
Koha item type Monograph ( Printed materials)
Holdings
Withdrawn status Lost status Source of classification or shelving scheme Damaged status Not for loan Home library Current library Date acquired Total Checkouts Full call number Barcode Date last seen Price effective from Koha item type
    Library of Congress Classification     ARRUPE LIBRARY ARRUPE LIBRARY 20/12/2013   PR6013.O25S3 464122865 20/12/2013 20/12/2013 Monograph ( Printed materials)

 

Arrupe Library. PO Box MP320 Mt Pleasant, Harare, Zimbabwe
263 242 745411|librarian@aju.ac.zw